| 000 | 01000cam a22001337a 4500 | ||
|---|---|---|---|
| 008 | 180718b1967 xxu||||| |||| 00| 0 eng d | ||
| 082 | _aP4121x54 G872 | ||
| 245 |
_aLinguistic survey of India _cedited by G.A. Grierson |
||
| 260 |
_aDelhi _bMotilal Banarsidass _c1967 |
||
| 300 | _av | ||
| 500 | _aContents: I. pt. 1. Introductory, by G.A. Grierson. 1927.pt. 2. Comparative vocabulary, by G. A. Grierson. 1928;II. Mon Khmer and Siamese-Chinese families (including Khassi and Tai). Comp. and ed. by G.A. Grierson. 1904;III. Tibeto-Burman family, comp. and ed. by G.A. Grierson: pt. I. (1909) General introduction. Specimens of the Tibetan dialects, the Himalayan dialects and the North Assam group. pt. II (1903) Specimens of the Bodo, Naga, and Kachin groups. [The Kachin section was prepared by Dr. Sten Konow] pt. III. Specimens of the Kuki-Chin and Burma groups. 1904;IV. Munda and Dravidian languages. Comp. and ed. by G.A. Grierson. 1906 | ||
| 650 | _aIndia --Languages | ||
| 700 | _aGreirson, G.A. | ||
| 999 |
_c479509 _d479509 |
||